000 00705nam a2200289Ia 4500
005 20260324123640.0
008 008 260324s9999 xx 000 0 eng d
020 _a9780203834954
037 _aEBOOK
040 _aCRL
040 _beng
040 _cCRL
041 _2eng
041 _aeng
084 _qCRL
100 _aPhilip M. Bromberg; Allan N. Schore
_91171117
245 4 _aThe Shadow of the Tsunami
245 8 _band the Growth of the Relational Mind
260 _bTaylor and Francis
260 _c2011
365 _a
365 _b75.99
856 _uhttp://www.taylorfrancis.com/books/9780203834954
942 _cEBOOK
999 _c1764823
_d1764823